000 00483nam a2200181Ia 4500
005 20260429111941.0
008 260429s9999||||xx |||||||||||||| ||und||
020 _a9788184115857
041 _aEnglish
082 _a541.224
_bPRA
100 _aPrajapati, Tilak Ram
245 0 _aChemical bonding /
_cTilak Ram Prajapati
260 _aNew Delhi :
_bSonali Publications,
_c2024.
300 _avii, 301 p.; hb
650 _a Chemical bonding
650 _aChemistry
942 _cTB
999 _c51581
_d51581